000 00412nam a22001577a 4500
005 20260408112756.0
008 260408b |||||||| |||| 00| 0 eng d
020 _a424066106
082 _a352.0944
_bLAR-T
100 _aLarcombe, F.
245 _aThe Origin of Local Government in New South Wales
260 _aSydney
_bU.K. London
_c1973
300 _axv,323 p.
650 _aAllied Material
942 _cBK
999 _c47247
_d47247